| 000 | 00418pab a2200145 454500 | ||
|---|---|---|---|
| 008 | 180718b1987 xxu||||| |||| 00| 0 eng d | ||
| 100 | _aMiltar, Vishwa | ||
| 245 |
_aWage structure in the informal sector _bThe case of a class I city in Punjab |
||
| 260 | _c1987 | ||
| 300 | _a41-50 | ||
| 362 | _aSept. | ||
| 650 | _aWages - India - Punjab | ||
| 773 | _aNational Council of Applied Economic Research | ||
| 909 | _a20533 | ||
| 999 |
_c20533 _d20533 |
||